00442nam a2200145Ia 4500008004100000040001700041041001200058082002500070100002400095245006600119250001200185260004800197300001700245500003400262230917s9999||||xx |||||||||||||| ||und|| e232576aMAIN aEnglish a660.6024576 G469M(2) aGlazer, Alexander N 0aMicrobial biotechnology: Fundamentals of applied microbiology a2nd ed. aCambridgebCambridge University Pressc2007 axvii, 554 p. a2303 15/03/2016 Main Budget